00585nam a2200193Ia 4500008004100000020001500041082001400056100002000070245003200090250000800122260003600130300002600166500001900192600002700211650001500238942000700253952011600260999001500376240925s9999 xx 000 0 und d a9812530606 a629.8 NIS aNise, Norman S. 0aControl Systems Engineering a4th aNew York:bMc Graw HIllc,2004. ax,316p.bnafOriginal aIncludes Index aElectronic Engineering aTechnology cBK 001040708ELaUITUbUITUd2007-08-21eF.B.Cg589.00l0o629.8 NISpQ7151r2024-09-25 07:14:30w2024-09-25yBK c9650d9650